Pension schemes as complex socio-economic dynamic system
Kritika tradičných prístupov k modelovaniu a dizajnovaniu DC dôchodkových schém. Prezentácia objektívneho a metodologicky stabilnejšieho prístupu dynanických stochastických procesov, ktoré by mohli vniesť viac poznania a pochopenia komplexnosti dôchodkových schém pri dosahovaní ich socioekonomických...
Salvato in:
| Autore principale: | |
|---|---|
| Altri autori: | |
| Natura: | Capitolo di libro |
| Lingua: | inglese |
| Soggetti: | |
| Tags: |
Nessun Tag, puoi essere il primo ad aggiungerne!!
|
MARC
| LEADER | 00000naa a2200000 4500 | ||
|---|---|---|---|
| 001 | 0201947 | ||
| 005 | 20231204132313.9 | ||
| 041 | 0 | |a eng | |
| 044 | |a SK | ||
| 245 | 1 | 0 | |a Pension schemes as complex socio-economic dynamic system |c Ján Šebo, Ľubica Šebová |
| 520 | |a Kritika tradičných prístupov k modelovaniu a dizajnovaniu DC dôchodkových schém. Prezentácia objektívneho a metodologicky stabilnejšieho prístupu dynanických stochastických procesov, ktoré by mohli vniesť viac poznania a pochopenia komplexnosti dôchodkových schém pri dosahovaní ich socioekonomických cieľov. | ||
| 610 | 2 | 0 | |a modely stochastické |
| 610 | 2 | 0 | |a regulácia |
| 610 | 2 | 0 | |a riziko |
| 610 | 2 | 0 | |a volatilita |
| 610 | 2 | 0 | |a systémy dôchodkové |
| 610 | 2 | 0 | |a trh finančný |
| 100 | 1 | |a Šebo, Ján | |
| 700 | 1 | |a Šebová, Ľubica, 1978- | |